| Tag |
First Indicator |
Second Indicator |
Subfields |
| LEADER |
00000cam a2200000 a 4500 |
| 001 |
in00001997821 |
| 005 |
20151031113648.0 |
| 008 |
840308s1982 bcca b f000 0 eng |
| 035 |
|
|
|a (OCoLC)ocm15961231
|
| 040 |
|
|
|a NLC
|b eng
|c NLC
|d OCLCQ
|d TXA
|d UtOrBLW
|
| 041 |
0 |
|
|a eng
|b fre
|
| 049 |
|
|
|a TXAM
|
| 082 |
0 |
|
|a 551.47
|2 19
|
| 090 |
|
|
|a GB656.2.C63
|b H46 1982
|
| 100 |
1 |
|
|a Henry, R. F.
|
| 245 |
1 |
0 |
|a Automated programming of explicit shallow-water models. Part I, Linearized models with linear or quadratic friction /
|c by R.F. Henry.
|
| 264 |
|
1 |
|a Sidney, B.C. :
|b Institute of Ocean Sciences, Fisheries and Oceans,
|c 1982.
|
| 300 |
|
|
|a iv, 70 pages :
|b illustrations ;
|c 28 cm.
|
| 336 |
|
|
|a text
|b txt
|2 rdacontent
|
| 337 |
|
|
|a unmediated
|b n
|2 rdamedia
|
| 338 |
|
|
|a volume
|b nc
|2 rdacarrier
|
| 490 |
1 |
|
|a Canadian technical report of hydrography and ocean sciences ;
|v 3
|
| 500 |
|
|
|a Includes abstract in French.
|
| 500 |
|
|
|a Issued by Institute of Ocean Sciences.
|
| 504 |
|
|
|a Includes bibliographical references.
|
| 650 |
|
0 |
|a Hydrology
|x Computer programs.
|
| 650 |
|
0 |
|a Storm surges
|x Computer programs.
|
| 650 |
|
0 |
|a Tides
|x Computer programs.
|
| 650 |
|
0 |
|a Tsunamis
|x Computer programs.
|
| 650 |
|
0 |
|a Hydrology
|x Mathematical models.
|
| 710 |
1 |
|
|a Canada.
|b Department of Fisheries and Oceans.
|
| 710 |
2 |
|
|a Institute of Ocean Sciences, Patricia Bay.
|
| 830 |
|
0 |
|a Canadian technical report of hydrography and ocean sciences ;
|v no. 3.
|
| 948 |
|
|
|a cataloged
|b h
|c 2004/9/23
|d c
|e dmitchel
|f 9:30:20 am
|
| 994 |
|
|
|a E0
|b TXA
|
| 999 |
|
|
|a MARS
|
| 999 |
f |
f |
|s b5d18a9c-5de0-3cb7-8535-63c76ad57b14
|i e382265b-ca59-3c72-97ae-9310a5a79dcd
|t 0
|
| 952 |
f |
f |
|p ric
|a Texas A&M University
|b Rellis Campus
|c Joint Library Facility
|d Remote Storage
|t 0
|e GB656.2.C63 H46 1982
|h Library of Congress classification
|i unmediated -- volume
|m A14831338564
|
| 998 |
f |
f |
|a GB656.2.C63 H46 1982
|t 0
|l Remote Storage
|